00694cam a2200229 a 4500001000800000005001700008008004100025010001700066020002500083040001800108041000800126080001800134082002200152100000700174101000800181245005400189504003000243906004500273942001200318999001700330952011700347477177820180222065818.0861024s1987 nyua b 001 0 eng  a 86047812  a0814458963 :c$14.95 aDLCcDLCdDLC aeng a658.40355 HUD00a658.40355 HUD2191 a58 aBIZ10aBusiness without economists :cWilliam J. Hudson. aBibliography: p. 167-169. a7bcbccorignewd1eocipf19gy-gencatlg 2ddccBK c43179d43179 00102udc40708PËKGa002b002cPËKGd2018-02-22l0o658.40355 HUDp002-2999878r2018-02-22w2018-02-22yBK